| 000 | 00792cam a2200289 4500 | ||
|---|---|---|---|
| 001 | B171 | ||
| 008 | 090401t1986 xxu||||| |||| 00| 0 eng d | ||
| 035 | _a(Sirsi) u33975 | ||
| 041 | _aeng | ||
| 050 | _a333.33016 | ||
| 110 |
_aMorgan Grenfell Laurie _91949 |
||
| 245 | 4 | _aThe MGL-CIG property index : the FRC property index 1978 - 1985 | |
| 260 |
_aLondon _bMorgan Grenfell Laurie _c1986 |
||
| 300 | _a16p. ; 30cm. | ||
| 350 | _a0 | ||
| 650 | _aPROPERTY-COMMERCIAL PROPERTY | ||
| 650 | _aCORPORATE INTELLIGENCE GROUP | ||
| 650 | _aFRANK RUSSELL COMPANY | ||
| 650 | _aINDUSTRIAL PROPERTY | ||
| 650 | _aOFFICES | ||
| 650 | _aPROPERTY INDEXES | ||
| 650 | _aPROPERTY INVESTMENT | ||
| 650 | _aSHOPS | ||
| 650 | _aUNITED STATES OF AMERICA | ||
| 942 | _n0 | ||
| 948 | _c04/03/1997 | ||
| 999 |
_c89889 _d89889 |
||